Aviation quiz - Statistics

General Stats
  • This quiz has been taken 22 times
  • The average score is 7 of 15
Answer Stats
Picture Answer % Correct
B747-400
89%
A220-100
58%
A321
58%
A330-300
58%
A319
53%
A319
53%
A340-300
53%
B757-300
47%
B767-300ER
47%
B777-200ER
47%
B787-8
47%
DC-9
37%
B737-700NG
26%
B707
16%
Dhc-8-200
11%
No matching quizzes found
Score Distribution
Percent of People with Each Score
Percentile by Number Answered
Your Score History
You have not taken this quiz